Demon's Souls Bosses - Statistics

General Stats
  • This quiz has been taken 280 times
  • The average score is 14 of 18
Answer Stats
Archstone Sub-Area Answer % Correct
The Lord's Path Tower Knight
91%
Boletarian Palace Gates of Boletaria Phalanx
90%
The Tunnel City Flamelurker
87%
Inner Ward Penetrator
85%
N/A Below the Nexus King Allant
83%
Underground Temple Dragon God
81%
Upper Latria Maneaters
81%
Altar of Storms Storm King
81%
N/A Journey to the Nexus (Tutorial) Vanguard
81%
The Ritual Path Old Hero
78%
The Ivory Tower Old Monk
77%
Stonefang Tunnel Smithing Grounds Armor Spider
76%
The King's Tower Old King Allant
76%
Valley of Defilement Depraved Chasm Leechmonger
75%
Tower of Latria Prison of Hope Fool's Idol
73%
Shrine of Storms Island's Edge Adjudicator
69%
Swamp of Sorrow Dirty Colossus
66%
Rotting Haven Maiden Astraea
53%
No matching quizzes found
Score Distribution
Percent of People with Each Score
Percentile by Number Answered
Your Score History
You have not taken this quiz